Music Quiz

Random Music or Kpop Quiz

BTS members Quiz Stats

 Plays Quiz not verified by Sporcle

Also try: Alphabetic Songs
Challenge
Share
Tweet
Embed
Score 0/7 Timer 00:30
93 Plays Today
Member facts Member % Correct
Born in South Korea, the oldest of the groupJin
92.4%
Born in South Korea, also known as Agust DSuga
90.5%
Born in South Korea, known as the main dancerJ-Hope
80.1%
Born in South Korea, the leader of the groupRM
75.5%
Born in South Korea, known as the body of the groupJimin
73.2%
Born in South Korea, the maknae of the groupJungkook
54.9%
Born in South Korea, known as the weird one in the groupV
29.1%

You're not logged in!

Compare scores with friends on all Sporcle quizzes.
OR
Log In

You Might Also Like...

Show Comments

Extras

Top Quizzes Today


Score Distribution

Your Account Isn't Verified!

In order to create a playlist on Sporcle, you need to verify the email address you used during registration. Go to your Sporcle Settings to finish the process.

Report this User

Report this user for behavior that violates our Community Guidelines.

Details: